Shen qing : jiao chu dong ai. yong xin. you qing de yang guang hai zi=affectionate : teach to underston love, intentions,affectionate sun children (chinese)

Bibliographic Details
Format: Book
Published: Taipei City : Times culture Publishing , 2010
Subjects:

MARC

LEADER 00000cam a2200000 7i4500
001 0000073600
005 20170605.0
008 170605
020 |a 9789571353432 
090 0 0 |a 649.1   |b GAN 
245 0 0 |a Shen qing : jiao chu dong ai. yong xin. you qing de yang guang hai zi=affectionate : teach to underston love, intentions,affectionate sun children (chinese)   |c Gangui You 
260 |a Taipei City :   |b Times culture Publishing ,   |c 2010 
300 |a 223 p. ;   |c 22.8 cm. 
541 0 0 |c Donation books 
650 0 |a Child rearing 
999 |a 0001459446   |b Book   |c Chinese Collection   |e Cawangan AEON Kulaijaya